[Event "FB21 2223 USV Halle - SG 1871 Löberitz"]
[Site "?"]
[Date "2023.02.19"]
[Round "5.5"]
[White "Ter-Avetisjana, Agnesa Stepania"]
[Black "Eue, Vicky"]
[Result "1-0"]
[WhiteElo "1952"]
[BlackElo "1674"]
[PlyCount "61"]
[EventDate "2023.??.??"]

1. e4 d5 2. exd5 Qxd5 3. Nc3 Qd6 4. d4 Nf6 5. h3 a6 6. Nf3 Be6 7. Bd3 Nc6 8. O-O O-O-O 9. Ne2 Bd5 10. Ne1 Nb4 11. c3 Nxd3 12. Nxd3 g5 13. Ne5 Nd7 14. c4 Nxe5 15. dxe5 Qxe5 16. cxd5 Rxd5 17. Qc2 Rc5 18. Nc3 e6 19. Be3 Rc6 20. Rad1 Bd6 21. g3 Qg7 22. Bd4 f6 23. Qe4 e5 24. Qf5+ Kb8 25. Be3 h5 26. Ne4 Rf8 27. Rd5 Qe7 28. Rfd1 h4 29. g4 b6 30. Nxd6 cxd6 31. Qd3 1-0

[Event "FB21 2223 USV Halle - SG 1871 Löberitz"]
[Site "?"]
[Date "2023.02.19"]
[Round "5.6"]
[White "Derling, Charlotte"]
[Black "Giebel, Christine"]
[Result "0-1"]
[WhiteElo "1648"]
[BlackElo "1836"]
[PlyCount "60"]
[EventDate "2023.??.??"]

1. e4 c6 2. d4 d5 3. Nd2 dxe4 4. Nxe4 Nd7 5. Nf3 Ngf6 6. Nxf6+ Nxf6 7. Bd3 Bg4 8. c3 e6 9. h3 Bh5 10. Bf4 Be7 11. Be5 Qb6 12. Qc2 Bg6 13. Bxg6 hxg6 14. Nd2 Qa6 15. c4 Bb4 16. b3 Qa5 17. Rd1 Rd8 18. O-O O-O 19. c5 Bxd2 20. Rxd2 Rd7 21. Rb1 Nd5 22. Qb2 Qc3 23. Qxc3 Nxc3 24. Rbb2 Rfd8 25. Rd3 Nb5 26. Rbd2 f6 27. Bf4 Rxd4 28. Rxd4 Rxd4 29. Rxd4 Nxd4 30. b4 Ne2+ 0-1

[Event "FB21 2223 SC Rotation Pankow - SG 1871 L"]
[Site "?"]
[Date "2023.03.11"]
[Round "6.1"]
[White "Reizniece-Ozola, Dana"]
[Black "Burchardt, Brigitte"]
[Result "1/2-1/2"]
[WhiteElo "2269"]
[BlackElo "2143"]
[PlyCount "88"]
[EventDate "2023.??.??"]

1. c4 Nf6 2. Nc3 c5 3. Nf3 Nc6 4. d4 cxd4 5. Nxd4 g6 6. g3 Bg7 7. Bg2 O-O 8. O-O Nxd4 9. Qxd4 d6 10. Qd2 Rb8 11. b3 a6 12. a4 Bd7 13. Bb2 Bc6 14. e4 Nd7 15. Qc2 b5 16. cxb5 axb5 17. a5 b4 18. Nd5 Bxb2 19. Qxb2 Bxd5 20. exd5 Ra8 21. Qd4 Rxa5 22. Qxb4 Rxa1 23. Rxa1 Qb8 24. Qe4 Re8 25. b4 Qb6 26. Rb1 Nf6 27. Qc4 Rb8 28. h3 Kg7 29. Qc6 Qd4 30. b5 Qd3 31. Rb2 Qd4 32. Qc7 Ra8 33. Qc1 Rb8 34. Kh2 Rb6 35. Qc7 Qc5 36. Qxe7 Nxd5 37. Qg5 Nc3 38. Qxc5 dxc5 39. Bc6 c4 40. Rb4 Kf6 41. Rxc4 Nxb5 42. Bd5 Nd6 43. Rf4+ Kg7 44. g4 h6 1/2-1/2

[Event "FB21 2223 SC Rotation Pankow - SG 1871 L"]
[Site "?"]
[Date "2023.03.11"]
[Round "6.2"]
[White "Jahn, Constanze"]
[Black "Rogule, Laura"]
[Result "1/2-1/2"]
[WhiteElo "2008"]
[BlackElo "2247"]
[PlyCount "106"]
[EventDate "2023.??.??"]

1. e4 c5 2. Nc3 Nc6 3. Bb5 Nd4 4. Bc4 a6 5. a4 Nf6 6. d3 d6 7. Nge2 Nxe2 8. Qxe2 e6 9. O-O Be7 10. Bb3 b6 11. f4 g6 12. f5 exf5 13. exf5 Bxf5 14. Nd5 Nxd5 15. Bxd5 Ra7 16. Bh6 Kd7 17. Bxf7 Bf6 18. g4 Bd4+ 19. Kg2 Kc8 20. gxf5 Rxf7 21. fxg6 Rxf1 22. Rxf1 hxg6 23. Qg4+ Qd7 24. Qxd7+ Kxd7 25. Bg5 Bxb2 26. Rb1 Be5 27. h4 Rb8 28. c4 Kc6 29. Kf3 b5 30. axb5+ axb5 31. cxb5+ Rxb5 32. Rxb5 Kxb5 33. Ke4 Kb4 34. Be7 Kc3 35. Ke3 Bh2 36. Ke4 Kd2 37. Bg5+ Ke2 38. Bf6 Bg3 39. Bg5 Bf2 40. Be7 Bg3 41. Bg5 Be5 42. Be7 Kd2 43. Bg5+ Kc2 44. Be7 Kc3 45. Bg5 Bg3 46. Bf6+ Kc2 47. Be7 Bh2 48. Bf6 Be5 49. Be7 Kd1 50. Bd8 Ke2 51. Bg5 Kf2 52. Bd8 Kg3 53. Bg5 Kg4 1/2-1/2

[Event "FB21 2223 SC Rotation Pankow - SG 1871 L"]
[Site "?"]
[Date "2023.03.11"]
[Round "6.3"]
[White "Berzina, Ilze"]
[Black "Wolf, Sylvia"]
[Result "1/2-1/2"]
[WhiteElo "2166"]
[BlackElo "2012"]
[PlyCount "80"]
[EventDate "2023.??.??"]

1. e4 c5 2. Nf3 d6 3. Bb5+ Nd7 4. O-O Ngf6 5. Re1 a6 6. Bd3 Ne5 7. Nxe5 dxe5 8. Nc3 e6 9. a4 Bd6 10. Be2 Rb8 11. d3 h6 12. Be3 b6 13. Nb1 O-O 14. Nd2 b5 15. axb5 axb5 16. Nb3 Qc7 17. Qd2 Bd7 18. Qa5 Qc6 19. Qc3 Rfc8 20. Ra7 b4 21. Qd2 Ra8 22. Rea1 Rxa7 23. Rxa7 Qb6 24. Ra1 Bb5 25. h3 Nd7 26. Kh1 Qb7 27. c3 Ra8 28. Rxa8+ Qxa8 29. cxb4 cxb4 30. Qc1 Qa6 31. Qd2 Qa2 32. Nc1 Qb1 33. Kh2 Bc5 34. Bxc5 Nxc5 35. Qxb4 Qxc1 36. Qxb5 Qc2 37. b4 Nb3 38. Bh5 g6 39. Bg4 h5 40. Bf3 Nd4 1/2-1/2

[Event "FB21 2223 SC Rotation Pankow - SG 1871 L"]
[Site "?"]
[Date "2023.03.11"]
[Round "6.4"]
[White "Mai, Iris"]
[Black "Otikova, Elina"]
[Result "1/2-1/2"]
[WhiteElo "1948"]
[BlackElo "2103"]
[PlyCount "81"]
[EventDate "2023.??.??"]

1. d4 d5 2. Nf3 Nf6 3. c4 e6 4. Nc3 Bb4 5. cxd5 exd5 6. Qb3 Bxc3+ 7. bxc3 O-O 8. Bg5 Nbd7 9. e3 c6 10. Be2 Qa5 11. Qb4 Qc7 12. Bf4 Qd8 13. O-O a5 14. Qb2 a4 15. Rab1 b5 16. Ne5 Nxe5 17. Bxe5 Ne4 18. Bd3 f6 19. Bf4 Re8 20. Qc2 f5 21. f3 Nd6 22. Rbe1 Rf8 23. Be5 Be6 24. Qf2 Nf7 25. Bf4 Ra7 26. Qc2 Nd6 27. Be5 Re7 28. Bf4 Rd7 29. Be5 Rdf7 30. Bf4 Nc8 31. Bg3 Ne7 32. Bh4 Qd7 33. Bg3 Nc8 34. Be5 Nd6 35. Qf2 Ne8 36. Qc2 Nf6 37. Bf4 Re8 38. Be5 Rc8 39. Rb1 Ne8 40. Bf4 Nd6 41. Qf2 1/2-1/2

[Event "FB21 2223 SC Rotation Pankow - SG 1871 L"]
[Site "?"]
[Date "2023.03.11"]
[Round "6.5"]
[White "Ter-Avetisjana, Agnesa Stepania"]
[Black "Heyme, Sibylle"]
[Result "1-0"]
[WhiteElo "1974"]
[BlackElo "1977"]
[PlyCount "101"]
[EventDate "2023.??.??"]

1. e4 e5 2. Nf3 Nc6 3. Bb5 a6 4. Ba4 Nf6 5. d3 Bc5 6. c3 d6 7. Bg5 h6 8. Bh4 g5 9. Bg3 Bd7 10. Nbd2 Qe7 11. b4 Bb6 12. Nc4 Ba7 13. Ne3 O-O-O 14. b5 axb5 15. Bxb5 Bxe3 16. fxe3 d5 17. Bxc6 Bxc6 18. Nxe5 Be8 19. O-O dxe4 20. d4 h5 21. Qb3 h4 22. Rab1 b6 23. Be1 Rh6 24. a4 Qe6 25. Qxe6+ fxe6 26. c4 Nd7 27. Nc6 Bh5 28. Nxd8 Kxd8 29. Rb2 e5 30. Rf5 exd4 31. exd4 e3 32. Rxg5 Bd1 33. Rf5 h3 34. gxh3 Rxh3 35. Bg3 e2 36. Kf2 Rh6 37. Rxe2 Bxa4 38. Rf7 Bb3 39. Bf4 Rg6 40. Ree7 Ba4 41. h4 Rg4 42. Bg5 Kc8 43. Rf4 Rxf4+ 44. Bxf4 Bb3 45. c5 bxc5 46. dxc5 c6 47. Bd6 Bd5 48. h5 Nf6 49. Be5 Ne4+ 50. Ke3 Nxc5 51. h6 1-0

[Event "FB21 2223 SC Rotation Pankow - SG 1871 L"]
[Site "?"]
[Date "2023.03.11"]
[Round "6.6"]
[White "Seils, Gudula"]
[Black "Giebel, Christine"]
[Result "1/2-1/2"]
[WhiteElo "2022"]
[BlackElo "1841"]
[PlyCount "71"]
[EventDate "2023.??.??"]

1. c4 Nf6 2. Nc3 g6 3. g3 Bg7 4. Bg2 O-O 5. e3 c6 6. d4 d5 7. cxd5 cxd5 8. Nge2 Nc6 9. O-O e6 10. Bd2 a6 11. Na4 Ne8 12. Rc1 Nd6 13. Be1 Nf5 14. Nf4 Bh6 15. Rc5 Bxf4 16. gxf4 Qh4 17. Rc3 Qf6 18. Qb3 Nd6 19. Nb6 Rb8 20. f3 Nb5 21. Rc1 Qd8 22. Na4 Na5 23. Qd3 Nc4 24. Bb4 Re8 25. b3 Ncd6 26. e4 Nc7 27. Rf2 b6 28. Rfc2 Na8 29. Rc6 Nb5 30. Nb2 dxe4 31. fxe4 Qxd4+ 32. Qxd4 Nxd4 33. e5 Nxc6 34. Bxc6 Bb7 35. Bxe8 Rxe8 36. Nc4 1/2-1/2

[Event "FB21 2223 SC Leipzig-Lindenau - USV Hall"]
[Site "?"]
[Date "2023.03.11"]
[Round "6.1"]
[White "Zhou, Lepu Coco"]
[Black "Weimert, Miriam"]
[Result "1-0"]
[WhiteElo "2034"]
[BlackElo "1896"]
[PlyCount "69"]
[EventDate "2023.??.??"]

1. e4 Nc6 2. Nf3 d5 3. exd5 Qxd5 4. Nc3 Qa5 5. d4 Bg4 6. Bb5 O-O-O 7. Bxc6 bxc6 8. h3 Qh5 9. Qd3 Bxf3 10. gxf3 e5 11. d5 Ne7 12. Qa6+ Kd7 13. dxc6+ Nxc6 14. Be3 Qxf3 15. Rd1+ Bd6 16. Rg1 Nd4 17. Qa4+ Kc8 18. Rd3 Qb7 19. Bxd4 exd4 20. Ne2 Qxb2 21. Rb3 Qxc2 22. Rb8+ Kxb8 23. Qxc2 Bb4+ 24. Kf1 d3 25. Qb3 dxe2+ 26. Kxe2 Rhe8+ 27. Kf3 Rd4 28. Rg4 Red8 29. Rxd4 Rxd4 30. a3 a5 31. axb4 axb4 32. Qxf7 Rd3+ 33. Kg2 Rd6 34. Qe8+ Kb7 35. Qe4+ 1-0

[Event "FB21 2223 SC Leipzig-Lindenau - USV Hall"]
[Site "?"]
[Date "2023.03.11"]
[Round "6.2"]
[White "Spangenberg, Romy"]
[Black "Voigt, Anastasia"]
[Result "0-1"]
[WhiteElo "1853"]
[BlackElo "1814"]
[PlyCount "110"]
[EventDate "2023.??.??"]

1. e4 e5 2. Nf3 Nc6 3. d4 exd4 4. Nxd4 Bc5 5. Be3 Qf6 6. c3 Nge7 7. g3 d5 8. Bg2 dxe4 9. Nb5 Bxe3 10. Nxc7+ Kf8 11. O-O Rb8 12. fxe3 Qe5 13. Qb3 f5 14. Nb5 Be6 15. Qa4 g6 16. Nd4 Kg7 17. Na3 Bf7 18. Rfd1 Qa5 19. Qxa5 Nxa5 20. Bf1 Rhd8 21. b4 Nac6 22. Bc4 Ne5 23. Ne6+ Bxe6 24. Bxe6 Kf6 25. Bb3 Nd3 26. Bc4 Nd5 27. Bxd5 Rxd5 28. c4 Rdd8 29. Nc2 Rdc8 30. c5 b6 31. Ne1 Nxe1 32. Rxe1 bxc5 33. bxc5 Rxc5 34. Re2 Rbc8 35. Kf2 Rc2 36. Rae1 Ke5 37. h4 R8c3 38. Rd1 Rxe2+ 39. Kxe2 Ra3 40. Rd2 h6 41. Kf2 g5 42. hxg5 hxg5 43. Ke2 f4 44. gxf4+ gxf4 45. exf4+ Kxf4 46. Rb2 Rh3 47. Kf1 Rh1+ 48. Kg2 Rd1 49. Kf2 a5 50. a3 Ra1 51. Rb3 Ra2+ 52. Kf1 e3 53. Rc3 Kf3 54. Kg1 Ra1+ 55. Kh2 Kf2 0-1

[Event "FB21 2223 SC Leipzig-Lindenau - USV Hall"]
[Site "?"]
[Date "2023.03.11"]
[Round "6.3"]
[White "Stowicek, Yara Mathilda"]
[Black "Herbrig, Marie-Helen"]
[Result "0-1"]
[WhiteElo "1731"]
[BlackElo "1869"]
[PlyCount "102"]
[EventDate "2023.??.??"]

1. e4 c5 2. c3 d5 3. exd5 Qxd5 4. d4 Nc6 5. Be3 cxd4 6. cxd4 Nf6 7. Nc3 Qd6 8. h3 e6 9. Nf3 Be7 10. Bd3 O-O 11. O-O Nb4 12. Bb1 b6 13. a3 Nbd5 14. Nxd5 Nxd5 15. Qd3 g6 16. Bh6 Rd8 17. Rd1 Bb7 18. Qe2 Nf4 19. Qe3 Nd5 20. Qe2 Rac8 21. Be4 Bf6 22. Rd2 Qe7 23. Be3 Rc7 24. Rad1 Nxe3 25. Qxe3 Bxe4 26. Qxe4 Rd5 27. Kf1 Qd7 28. Qe2 Rc8 29. Qe3 Qb5+ 30. Kg1 Rcd8 31. Qc3 Bg7 32. Qe3 Rh5 33. Qc3 Bh6 34. Rd3 Rhd5 35. Ne5 f6 36. Nc6 R8d7 37. Nb4 R5d6 38. b3 a5 39. Nc2 Rc6 40. Qb2 e5 41. a4 Qa6 42. Na3 Rcd6 43. Nb5 Rd5 44. Qc3 e4 45. Rg3 Bf4 46. Rg4 g5 47. g3 f5 48. Rxf4 gxf4 49. Nc7 Qe2 50. Rf1 Rxd4 51. Ne6 Rd1 0-1

[Event "FB21 2223 SC Leipzig-Lindenau - USV Hall"]
[Site "?"]
[Date "2023.03.11"]
[Round "6.4"]
[White "Lowke, Kathrin"]
[Black "Petersen, Sophie"]
[Result "1-0"]
[WhiteElo "1825"]
[BlackElo "1694"]
[PlyCount "69"]
[EventDate "2023.??.??"]

1. e4 c5 2. Nf3 d6 3. d4 cxd4 4. Nxd4 Nf6 5. Nc3 a6 6. Be2 e5 7. Nb3 Be7 8. a4 Be6 9. Bf3 O-O 10. O-O Nbd7 11. Be3 Nb6 12. Nd2 Rc8 13. Re1 Nc4 14. Nxc4 Bxc4 15. Qd2 Qc7 16. Rac1 Rfd8 17. Nd5 Bxd5 18. exd5 Nd7 19. Bg4 h5 20. Bxh5 f5 21. Bg5 Nf6 22. Bxf6 Bxf6 23. Bg6 Qd7 24. Qd3 f4 25. Bf5 Qxa4 26. Bxc8 Rxc8 27. Qf5 Re8 28. c4 b6 29. Qe4 Qb3 30. Re2 Bg5 31. Qg6 f3 32. Qxe8+ Kh7 33. Qh5+ Kg8 34. Qxg5 fxe2 35. Qd2 1-0

[Event "FB21 2223 SC Leipzig-Lindenau - USV Hall"]
[Site "?"]
[Date "2023.03.11"]
[Round "6.5"]
[White "Eue, Vicky"]
[Black "Spangenberg, Pia"]
[Result "1-0"]
[WhiteElo "1671"]
[BlackElo "1808"]
[PlyCount "85"]
[EventDate "2023.??.??"]

1. e4 d5 2. exd5 Nf6 3. d4 Nxd5 4. c4 Nb6 5. Nf3 Bg4 6. c5 Nd5 7. Bc4 e6 8. h3 Bh5 9. Qb3 b6 10. g4 Bg6 11. Bxd5 Qxd5 12. Qxd5 exd5 13. cxb6 axb6 14. Nc3 Bb4 15. O-O Bxc3 16. bxc3 O-O 17. Bf4 c5 18. Bd6 Rc8 19. dxc5 bxc5 20. Rfd1 Ra6 21. Bg3 f6 22. Nh4 Bf7 23. Nf5 Nc6 24. Nd6 Rd8 25. Nb7 Rda8 26. Nd6 d4 27. Nb5 Rxa2 28. Rxa2 Rxa2 29. cxd4 Bb3 30. Rb1 Bc2 31. Re1 Nxd4 32. Re8+ Kf7 33. Nd6+ Kg6 34. Re3 Ra1+ 35. Kg2 Bb3 36. h4 Bd5+ 37. f3 Ra2+ 38. Bf2 c4 39. h5+ Kh6 40. Kg3 Ne2+ 41. Rxe2 Rxe2 42. Nf5+ Kg5 43. f4# 1-0

[Event "FB21 2223 SC Leipzig-Lindenau - USV Hall"]
[Site "?"]
[Date "2023.03.11"]
[Round "6.6"]
[White "Lorenz, Nicole"]
[Black "Derling, Charlotte"]
[Result "1/2-1/2"]
[WhiteElo "1884"]
[BlackElo "1656"]
[PlyCount "33"]
[EventDate "2023.??.??"]

1. e4 c5 2. Nf3 d6 3. Bb5+ Nc6 4. O-O Bd7 5. Re1 e5 6. c3 g6 7. d4 Bg7 8. dxc5 dxc5 9. Qd5 Qe7 10. Be3 Nf6 11. Qxc5 Nxe4 12. Qxe7+ Kxe7 13. Bf4 exf4 14. Rxe4+ Be6 15. Ng5 Bh6 16. h4 Rad8 17. Na3 1/2-1/2

[Event "FB21 2223 SG Leipzig - TuS Coswig 1920"]
[Site "?"]
[Date "2023.03.11"]
[Round "6.1"]
[White "Moses, Selina"]
[Black "Gempe, Anet"]
[Result "1-0"]
[WhiteElo "1904"]
[BlackElo "1955"]
[PlyCount "127"]
[EventDate "2023.??.??"]

1. e4 e6 2. d4 d5 3. Nd2 Nf6 4. e5 Nfd7 5. Bd3 c5 6. c3 Nc6 7. Ne2 cxd4 8. cxd4 f6 9. exf6 Nxf6 10. Nf3 Bd6 11. O-O O-O 12. Bf4 Ng4 13. g3 Bxf4 14. Nxf4 e5 15. dxe5 d4 16. Re1 g5 17. Ng2 Nxf2 18. Kxf2 Bg4 19. Be4 Qb6 20. Kg1 d3+ 21. Kh1 Nd4 22. Rf1 Qxb2 23. Qd2 Qxd2 24. Nxd2 Be2 25. Rxf8+ Rxf8 26. Ne1 Rd8 27. Rc1 Nc6 28. Bxc6 bxc6 29. Rxc6 Rd5 30. Rd6 Rxe5 31. Nxd3 Ra5 32. Nc1 Bg4 33. Ndb3 Re5 34. Kg2 Rf5 35. Nd4 Ra5 36. h3 Bh5 37. Rd8+ Kf7 38. Rd7+ Kg8 39. Ne6 Bg6 40. Rg7+ Kh8 41. Rc7 Kg8 42. Rc5 Ra3 43. Rxg5 Kf7 44. Nd4 Bb1 45. Rc5 Bxa2 46. Nb5 Ra6 47. Rc7+ Kg6 48. Rxa7 Bd5+ 49. Kg1 Rb6 50. Nd4 Rb2 51. Nce2 Bb7 52. Ra5 Bc8 53. Nf4+ Kf6 54. Rc5 Bd7 55. Rd5 Bc8 56. Rh5 Rd2 57. Nf3 Rd1+ 58. Kf2 Kg7 59. Rc5 Ba6 60. Rc7+ Kg8 61. Ng5 h6 62. Nge6 Rd2+ 63. Ke3 Rd6 64. Rg7+ 1-0

[Event "FB21 2223 SG Leipzig - TuS Coswig 1920"]
[Site "?"]
[Date "2023.03.11"]
[Round "6.2"]
[White "Beltz, Martina"]
[Black "Timme, Karin"]
[Result "0-1"]
[WhiteElo "1903"]
[BlackElo "2072"]
[PlyCount "92"]
[EventDate "2023.??.??"]

1. d4 d5 2. Nf3 Nf6 3. e3 c5 4. b3 Nc6 5. Bb2 Bg4 6. Nbd2 e6 7. Bd3 cxd4 8. exd4 Bd6 9. O-O O-O 10. a3 Rc8 11. h3 Bh5 12. Qe1 Re8 13. Ne5 Nd7 14. f4 f6 15. Nxc6 Rxc6 16. c4 Bg6 17. Bxg6 hxg6 18. c5 Bb8 19. b4 e5 20. dxe5 fxe5 21. fxe5 Nxe5 22. Qf2 Rf6 23. Qd4 Nc6 24. Qd3 Ne5 25. Qb3 Kh7 26. Rae1 Rfe6 27. Bxe5 Bxe5 28. Nf3 Bd4+ 29. Kh1 Be3 30. Qd1 d4 31. Qd3 Re4 32. Nd2 R4e5 33. Nc4 Rd5 34. Nd6 Re7 35. Rf3 b6 36. Qc4 Rh5 37. Ref1 Qa8 38. c6 Qd8 39. Nb5 Qc8 40. Rd1 a6 41. Nxd4 Re4 42. Rxe3 Rxe3 43. Nf3 Rxf3 44. Rd7 Rf6 45. c7 Qxd7 46. c8=Q Rf1+ 0-1

[Event "FB21 2223 SG Leipzig - TuS Coswig 1920"]
[Site "?"]
[Date "2023.03.11"]
[Round "6.3"]
[White "Richter, Ulrike"]
[Black "Petri, Birgit"]
[Result "0-1"]
[WhiteElo "1895"]
[BlackElo "1974"]
[PlyCount "62"]
[EventDate "2023.??.??"]

1. c4 e6 2. d4 d5 3. e3 Nf6 4. Nc3 c6 5. Nf3 Nbd7 6. Be2 Bd6 7. O-O O-O 8. Qc2 dxc4 9. Bxc4 e5 10. Rd1 Qe7 11. Bd3 Re8 12. e4 exd4 13. Nxd4 Nc5 14. f3 Qe5 15. Be3 Qxh2+ 16. Kf1 Nxd3 17. Qxd3 Be5 18. Bg1 Qh1 19. Qe3 c5 20. Nde2 b6 21. Rac1 Ba6 22. Kf2 Rad8 23. Rxd8 Rxd8 24. Qg5 Qh5 25. Qe3 h6 26. g3 Qh1 27. Rd1 Rxd1 28. Nxd1 Bxe2 29. Qxe2 Bxg3+ 30. Kxg3 Qxg1+ 31. Kh3 Nh5 0-1

[Event "FB21 2223 SG Leipzig - TuS Coswig 1920"]
[Site "?"]
[Date "2023.03.11"]
[Round "6.4"]
[White "Lobe, Sandra"]
[Black "Moldenhauer, Antje"]
[Result "1-0"]
[WhiteElo "1803"]
[BlackElo "1808"]
[PlyCount "123"]
[EventDate "2023.??.??"]

1. Nf3 g6 2. e4 Bg7 3. d3 c5 4. g3 Nc6 5. Bg2 d6 6. O-O e5 7. Nbd2 Nge7 8. a4 O-O 9. Nc4 h6 10. Be3 Be6 11. Qd2 Kh7 12. Rad1 f5 13. Qe2 f4 14. Bc1 g5 15. h3 g4 16. hxg4 Bxg4 17. c3 Ng6 18. Rde1 Qf6 19. Qc2 Rad8 20. Nh2 Bc8 21. Qd1 Qg5 22. Nf3 Qf6 23. Nh2 Qg5 24. Nf3 Qg4 25. Nh2 Qxd1 26. Rxd1 h5 27. Nf3 Bh6 28. Kh2 Bg4 29. Ncd2 a6 30. Bh3 Bxh3 31. Kxh3 b5 32. axb5 axb5 33. Kg2 fxg3 34. fxg3 Rg8 35. Kf2 h4 36. Nxh4 Nxh4 37. gxh4 Rdf8+ 38. Nf3 Bf4 39. Bxf4 Rxf4 40. Ke3 Rg3 41. Ke2 Kh6 42. Rf2 Kh5 43. Ng5 Rxh4 44. Nf7 Rhh3 45. Nxd6 Re3+ 46. Kd2 Rxd3+ 47. Kc2 Rxd1 48. Kxd1 Rd3+ 49. Rd2 Rxd2+ 50. Kxd2 b4 51. Nb7 c4 52. Nd6 bxc3+ 53. Kxc3 Kg5 54. Kxc4 Kf4 55. b4 Nb8 56. Kd5 Nd7 57. b5 Nf6+ 58. Ke6 Nxe4 59. Nxe4 Kxe4 60. b6 Kd4 61. b7 e4 62. b8=Q 1-0

[Event "FB21 2223 SG Leipzig - TuS Coswig 1920"]
[Site "?"]
[Date "2023.03.11"]
[Round "6.5"]
[White "Gebhardt, Christine"]
[Black "Oswald, Lena"]
[Result "1/2-1/2"]
[WhiteElo "1711"]
[BlackElo "1812"]
[PlyCount "81"]
[EventDate "2023.??.??"]

1. b3 d5 2. Bb2 e6 3. g3 Nf6 4. Bg2 Be7 5. Nf3 O-O 6. d3 c5 7. O-O Nc6 8. Nbd2 a6 9. e4 d4 10. e5 Nd7 11. Re1 Qc7 12. Qe2 f6 13. Nc4 fxe5 14. Ncxe5 Ndxe5 15. Nxe5 Nxe5 16. Qxe5 Bd6 17. Qh5 Rf5 18. Qe2 e5 19. Be4 Rf6 20. Bc1 h6 21. Bd2 Qf7 22. Rf1 Bh3 23. Bg2 Bxg2 24. Kxg2 Rf8 25. Be1 Rf5 26. Qe4 Qd7 27. Kg1 Rf3 28. Kg2 Qf7 29. h4 h5 30. Rc1 Re3 31. fxe3 Qxf1+ 32. Kh2 Qe2+ 33. Kh3 Rf1 34. Bd2 Rxc1 35. Bxc1 Qf1+ 36. Kh2 Qxc1 37. Qd5+ Kh7 38. Qxd6 Qxc2+ 39. Kh3 Qxd3 40. Qxe5 dxe3 41. Qxh5+ 1/2-1/2

[Event "FB21 2223 SG Leipzig - TuS Coswig 1920"]
[Site "?"]
[Date "2023.03.11"]
[Round "6.6"]
[White "Oswald, Hannah"]
[Black "Puehrer, Anne"]
[Result "1-0"]
[WhiteElo "1765"]
[BlackElo "1691"]
[PlyCount "105"]
[EventDate "2023.??.??"]

1. e4 c5 2. Nf3 d6 3. d4 cxd4 4. Nxd4 Nf6 5. Nc3 a6 6. Bg5 Nbd7 7. f4 Qc7 8. Qf3 b5 9. O-O-O Bb7 10. Bd3 e6 11. Rhe1 b4 12. Nce2 Be7 13. g4 h6 14. Bxf6 Bxf6 15. Qg3 Nc5 16. Qe3 g6 17. Kb1 Rc8 18. Nb3 Nxb3 19. cxb3 Qc5 20. Qxc5 Rxc5 21. Bc2 Ke7 22. Rc1 Rhc8 23. Bd3 Bh4 24. Rf1 Kd7 25. Ng1 Rxc1+ 26. Rxc1 Bf2 27. Ne2 a5 28. Bb5+ Kd8 29. Rxc8+ Bxc8 30. Kc2 e5 31. f5 Ke7 32. Kd3 Kf6 33. a3 Kg5 34. Be8 Kxg4 35. fxg6 fxg6 36. Bxg6 Kh3 37. Bf5+ Bxf5 38. exf5 Bh4 39. axb4 axb4 40. Kc4 Kxh2 41. Kxb4 d5 42. Nc3 d4 43. Ne4 Be7+ 44. Kc4 Kh3 45. f6 Bd8 46. f7 Be7 47. b4 Kg4 48. b5 Kf5 49. b6 Kxe4 50. b7 d3 51. b8=Q d2 52. Qb3 Kf5 53. Kd3 1-0

[Event "FB21 2223 SC Rochade Zeulenroda - SZ See"]
[Site "?"]
[Date "2023.03.11"]
[Round "6.2"]
[White "von Erichsen, Annegret"]
[Black "Peglau, Dora"]
[Result "1/2-1/2"]
[WhiteElo "1958"]
[BlackElo "1882"]
[PlyCount "116"]
[EventDate "2023.??.??"]

1. Nc3 d5 2. e4 d4 3. Nce2 e5 4. Ng3 Be6 5. Nf3 f6 6. Be2 c5 7. d3 Nc6 8. O-O Bd6 9. Nf5 Bxf5 10. exf5 Nge7 11. Nh4 g6 12. g4 Qd7 13. g5 fxg5 14. Bxg5 Nxf5 15. Bg4 Nce7 16. Qf3 Rf8 17. Rae1 O-O-O 18. Bxe7 Bxe7 19. Nxf5 gxf5 20. Bh3 Bd6 21. Kh1 Kc7 22. Rg1 Rf7 23. Rg5 Rdf8 24. Reg1 Qc6 25. Qxc6+ Kxc6 26. Bg2+ Kc7 27. Bd5 Re7 28. Rg7 Rfe8 29. R1g5 Rxg7 30. Rxg7+ Re7 31. Rg5 f4 32. Be4 b5 33. Rh5 c4 34. Bxh7 c3 35. b3 Kb6 36. Be4 Ka5 37. Rh6 Rd7 38. Bf5 Rd8 39. Rh7 a6 40. Ra7 Bc5 41. Rc7 Bd6 42. Rc6 b4 43. Be4 Kb5 44. h4 Be7 45. Rh6 a5 46. h5 Rd6 47. Rxd6 Bxd6 48. h6 Bf8 49. h7 Bg7 50. Kg2 Kc5 51. Kf3 Kd6 52. Kg4 Ke6 53. Kg5 Ke7 54. Kg6 Bh8 55. Bd5 Kd6 56. Bc4 Ke7 57. Kf5 Bg7 58. Ke4 Kd6 1/2-1/2

[Event "FB21 2223 SC Rochade Zeulenroda - SZ See"]
[Site "?"]
[Date "2023.03.11"]
[Round "6.3"]
[White "Peglau, Charis"]
[Black "Skibbe, Diana"]
[Result "1-0"]
[WhiteElo "1888"]
[BlackElo "1970"]
[PlyCount "87"]
[EventDate "2023.??.??"]

1. d4 Nf6 2. c4 c5 3. Nf3 cxd4 4. Nxd4 Nc6 5. Nc3 g6 6. e4 d6 7. Be2 Bg7 8. Be3 O-O 9. O-O a6 10. Qd2 Re8 11. Rac1 Ng4 12. Bxg4 Bxg4 13. f4 Bd7 14. Nd5 e6 15. Nxc6 bxc6 16. Nc3 Qb8 17. Rfd1 Bf8 18. b3 Qc7 19. e5 Qa5 20. Ne4 Qxd2 21. Nf6+ Kg7 22. Rxd2 Red8 23. Bb6 d5 24. Bxd8 Rxd8 25. cxd5 cxd5 26. Nxd7 Rxd7 27. Rdc2 d4 28. Rd1 Bb4 29. Rc4 a5 30. Kf2 Rd5 31. Ke2 Bc3 32. Kd3 g5 33. g3 Kg6 34. Rc7 h5 35. Ke4 Rb5 36. fxg5 Kxg5 37. Rxf7 a4 38. bxa4 Rb2 39. h4+ Kg4 40. Rg7+ Kh3 41. Kf3 Kh2 42. g4 hxg4+ 43. Rxg4 d3 44. Rgg1 1-0

[Event "FB21 2223 SC Rochade Zeulenroda - SZ See"]
[Site "?"]
[Date "2023.03.11"]
[Round "6.4"]
[White "Dietrich, Mareike"]
[Black "Peglau, Mirjam"]
[Result "1/2-1/2"]
[WhiteElo "1776"]
[BlackElo "1927"]
[PlyCount "100"]
[EventDate "2023.??.??"]

1. e4 e6 2. d4 d5 3. Nd2 Nf6 4. e5 Nfd7 5. Bd3 c5 6. c3 Nc6 7. Ne2 Be7 8. O-O O-O 9. Nf3 Qb6 10. Nf4 Re8 11. Bb1 Nf8 12. Re1 Bd7 13. Nh3 cxd4 14. cxd4 Rac8 15. a3 Na5 16. Bg5 Qxb2 17. Bxe7 Rxe7 18. Nfg5 h6 19. Nf3 Qc3 20. Nf4 Bb5 21. Ne2 Qc6 22. a4 Bxe2 23. Qxe2 Rec7 24. Nd2 Qc3 25. Qe3 Qxe3 26. fxe3 Rc3 27. e4 dxe4 28. Nxe4 Rc1 29. Bd3 Rxa1 30. Rxa1 b6 31. Rb1 Nh7 32. Nd6 Rc7 33. Rf1 Nf8 34. Kf2 Nb7 35. Nb5 Rd7 36. Ke3 Na5 37. Nd6 f6 38. Bb5 Rd8 39. g4 Nd7 40. Ke4 fxe5 41. dxe5 Nc5+ 42. Ke3 a6 43. Be8 Nc4+ 44. Nxc4 Rxe8 45. Nxb6 Rb8 46. Rc1 Rxb6 47. Rxc5 Rb4 48. Rc6 Rxa4 49. Rxe6 Kf7 50. Rc6 Ke7 1/2-1/2

[Event "FB21 2223 SC Rochade Zeulenroda - SZ See"]
[Site "?"]
[Date "2023.03.11"]
[Round "6.5"]
[White "Peglau, Sarah"]
[Black "Riemer-Nlula, Marion"]
[Result "0-1"]
[WhiteElo "1791"]
[BlackElo "1818"]
[PlyCount "48"]
[EventDate "2023.??.??"]

1. e4 d5 2. exd5 Nf6 3. c4 c6 4. dxc6 Nxc6 5. Be2 e5 6. d3 Bb4+ 7. Bd2 O-O 8. Nc3 Bf5 9. a3 Bc5 10. b4 Bxf2+ 11. Kxf2 Nd4 12. Nf3 Nxf3 13. Bxf3 Qd4+ 14. Ke1 Bxd3 15. Bxb7 Rad8 16. Qf3 e4 17. Qe3 Qxc4 18. Rc1 Qc7 19. Bd5 Qd7 20. Bb3 Ng4 21. Qg5 e3 22. Nd5 exd2+ 23. Kxd2 Be4 24. Rc7 Qxc7 0-1

[Event "FB21 2223 SC Rochade Zeulenroda - SZ See"]
[Site "?"]
[Date "2023.03.11"]
[Round "6.6"]
[White "Teichmann, Kerstin"]
[Black "Peglau, Adelheid"]
[Result "1/2-1/2"]
[WhiteElo "1615"]
[BlackElo "1326"]
[PlyCount "59"]
[EventDate "2023.??.??"]

1. e4 e6 2. d4 d5 3. Nc3 dxe4 4. Nxe4 Bd7 5. Nf3 Bc6 6. Bd3 Nf6 7. Nxf6+ Qxf6 8. Be2 Nd7 9. Be3 Qd8 10. O-O Be7 11. c4 Nf6 12. Ne5 Bd7 13. Bf3 Rb8 14. a3 a5 15. Re1 O-O 16. Rc1 b5 17. c5 Nd5 18. c6 Be8 19. Bxd5 exd5 20. Qg4 Bf6 21. Bf4 Qc8 22. Qg3 b4 23. a4 b3 24. Nf3 Rb4 25. Bxc7 Rxa4 26. Re3 Rc4 27. Rec3 Bxc6 28. Bxa5 Bd7 29. Rxc4 dxc4 30. Bc3 1/2-1/2